Pays avec les loyers les plus élevés - Statistiques

Statistiques générales
  • Ce quiz a été pris 47 fois
  • Le résultat moyen est 4 sur 7
Statistiques - réponses
Hint Réponse % Correct
3 800 £ Etats-Unis
81%
4 200 £ Suisse
74%
3 500 £ Royaume-Uni
67%
4 800 £ Chine
60%
5 000 £ Singapour
51%
3 200 £ Australie
49%
2 800 £ Norvège
42%
Aucun quiz correspondant
Distribution des résultats
% des personnes avec chaque résultat
Percentile par nombre de réponses
Votre historique - résultats
Vous n’avez pas pris ce quiz